Statistics for Ballet Trivia #3

Click here to take the quiz!

General Stats

  • This quiz has been taken 16 times
  • The average score is 5 of 16

Answer Stats

HintAnswer% Correct
The highest rank in the Paris Opera Ballet, literally meaning "star"Étoile
60%
This country in the Middle East (now an Islamic Republic) had a ballet company from 1958 to 1979.Iran
60%
Male dancer who defected from the USSR in 1974 and became a star in the USA; also did some actingMikhail Baryshnikov
53%
Socialist country in North America with a famous ballet companyCuba
40%
The opposite of "dessus"dessous
40%
Prestigious ballet competition held anually in SwitzerlandPrix de Lausanne
40%
Female English dancer, founder of The Royal Ballet in LondonNinette de Valois
33%
Dance double for Natalie Portman in "Black Swan"Sarah Lane
33%
Famous Spanish ballerina who became director of the English National Ballet in 2012Tamara Rojo
33%
Famous ballet film starring Moira ShearerThe Red Shoes
33%
Name of a ballet company that combined visual arts, music and dance and caused a fascination with ballet at the beginning of the 20th century; "Le sacre du printemps"Les Ballets Russes
20%
First African-American dancer with the New York City Ballet; part of the original cast of "Agon"Arthur Mitchell
13%
In order to be promoted, dancers of the Paris Opera Ballet must take part in this annual event.Concours de promotion
7%
Term for chaîné turns in the French schooldéboulé
7%
Male German ballet dancer who died of leukemia aged 29; a foundation is named after himHeinz Bosl
7%
Russian choreographer who created "Spartacus", "Ivan the Terrible","The Legend of Love"...Yuri Grigorovich
0%

Score Distribution

Percentile by Number Answered

Percent of People with Each Score

Your Score History

You have not taken this quiz